Loading...
വ്യാകരണത്തിലെ സർഗാത്മകത /
| Hovedforfatter: | |
|---|---|
| Sprog: | English |
| LEADER | 00490nam a22001217a 4500 | ||
|---|---|---|---|
| 008 | 211026b |||||||| |||| 00| 0 eng d | ||
| 100 | |a സീമ ജെറോം | ||
| 245 | |a വ്യാകരണത്തിലെ സർഗാത്മകത / |c by Seema Jerom | ||
| 246 | |a Vyakranathile sagrthmagatha / | ||
| 773 | |3 printed |t malayalam research journal | ||
| 942 | |c ART | ||
| 999 | |c 362793 |d 362793 | ||
| 952 | |0 0 |1 0 |4 0 |7 0 |9 422247 |a UL |b UL |c PER |d 2021-10-26 |h vol. 11 No. 3, 2018 |l 0 |r 2021-10-26 |w 2021-10-26 |y ART | ||